| 000 | 00507nam a2200193 i 4500 | ||
|---|---|---|---|
| 001 | bg | ||
| 100 | 1 | _aLINDENBERG, Christoph | |
| 245 | 0 |
_aSzkoła bez lęku / _cChristoph Lindenberg ; [przekł. Jacek Dąbrowski]. |
|
| 260 |
_aWarszawa : _bJacek Santorski, _c1993. |
||
| 300 |
_a165 s. ; _c21 cm. |
||
| 504 | _aBibliogr. s. 163. | ||
| 020 | _a838538622X | ||
| 040 | _cBPK | ||
| 041 | _apol | ||
| 080 | _a37.01 | ||
| 920 | _a83-85386-22-X | ||
| 942 | _cKS | ||
| 008 | s pl f |000 0 pol | ||
| 999 |
_c29940 _d29940 |
||
| 856 |
_uhttp://koha.tu.koszalin.pl/cgi-bin/koha/opac-detail.pl?biblionumber=29940 _yKatalog online BPK |
||